| 000 | 01235cam a2200373 a 4500 | ||
|---|---|---|---|
| 001 | 000008458 | ||
| 005 | 20200929161339.0 | ||
| 008 | 800730s1978 cu 001 0 spa | ||
| 040 |
_aDO-SdBNP _bspa _cBNPHU |
||
| 082 |
_a325.27291973 _bC764v |
||
| 110 | 1 |
_aGrupo Areíto. _922747 |
|
| 245 | 1 | 0 |
_aContra viento y marea. / _cEdición, Dominica Diez. |
| 260 |
_aLa Habana, (Cuba) : _bCasa de las Américas, _c1978. |
||
| 300 |
_a268 p. ; _c19 cm. |
||
| 490 | 1 | _aTestimonio | |
| 586 | _aPremio Extraordinario La Juventud en Nuestra América. | ||
| 586 | _aPremio Casa de las Américas 1978. | ||
| 650 | 4 |
_aCubanos en estados unidos _922748 |
|
| 700 | 1 |
_aDiez, Dominica, _eed. _914421 |
|
| 700 | 1 |
_aAlzaga, Apolinar. _922749 |
|
| 700 | 1 |
_aAlzaga, Raúl. _922750 |
|
| 700 | 1 |
_aAruca, Francisco. _922751 |
|
| 700 | 1 |
_aBetancourt, Rafael. _922752 |
|
| 700 | 1 |
_aBlanco, Liliana. _922753 |
|
| 700 | 1 |
_aCamayo, Eric. _922754 |
|
| 700 | 1 |
_aCamayo, Yohel. _922755 |
|
| 700 | 1 |
_aCampa, Román de la. _922756 |
|
| 700 | 1 |
_aCanales, Orlando. _922757 |
|
| 700 | 1 |
_aCasal, Lourdes. _922758 |
|
| 700 | 1 |
_aDopico, Vicente. _922759 |
|
| 700 | 1 |
_aEstrada, Miguel. _922760 |
|
| 700 | 1 |
_aGarcía, Armando. _922761 |
|
| 830 | 0 |
_aTestimonio. _916115 |
|
| 999 |
_c8229 _d8229 |
||